书目信息 |
| 题名: |
基础研究的效率
|
|
| 作者: | Башин , 巴申 著 ;骆茹敏 著 | |
| 分册: | ||
| 出版信息: | 北京 科学出版社 1981 |
|
| 页数: | 257页 | |
| 开本: | 19cm | |
| 丛书名: | ||
| 单 册: | ||
| 中图分类: | G30 | |
| 科图分类: | ||
| 主题词: | 科学研究--效率 | |
| 电子资源: | ||
| ISBN: | ||
| 000 | 00921nam0 2200277 45 | |
| 001 | 0181007619 | |
| 005 | 20060909094803.00 | |
| 010 | @dCNY1.30 | |
| 091 | @aCN@b13031.1610 | |
| 100 | @a19950602d1981 em y0chiy0121 ea | |
| 101 | 1 | @achi@crus |
| 102 | @aCN@b110000 | |
| 105 | @ay z 000yy | |
| 200 | 10 | @a基础研究的效率@Aji chu yan jiu de xiao lv@f(苏)巴申(М.Л.Башин)著@g骆茹敏译 |
| 210 | @a北京@c科学出版社@d1981 | |
| 215 | @a257页@d19cm | |
| 300 | @a书名原文:Эффективность фундаментальных исследований | |
| 510 | 1 | @aЭффективность фундаментальных исследований@zrus |
| 606 | @a科学研究@x效率 | |
| 690 | @aG30@v3 | |
| 701 | A1 | @aБашин@bМ.Л.@4著 |
| 701 | 1 | @a巴申@Aba shen@bМ.Л.@4著 |
| 702 | 0 | @a骆茹敏@Aluo ru min@4著 |
| 801 | 0 | @aCN@bTSSF@c20060909 |
| 801 | 2 | @aCN@bNLC@c20060809 |
| 905 | @a10447@dG30@e123 | |
| 基础研究的效率/(苏)巴申(М.Л.Башин)著/骆茹敏译.-北京:科学出版社,1981 |
| 257页;19cm |
| 书名原文:Эффективность фундаментальных исследований |
| ISBN :CNY1.30 |
| ● |
| 相关链接 |
|
|
|
|
正题名:基础研究的效率
索取号:G30/123
 
预约/预借
| 序号 | 登录号 | 条形码 | 馆藏地/架位号 | 状态 | 备注 |
| 1 | 0450054 | 204500548 | 密集书库/ [索取号:G30/123] | 在馆 | |
| 2 | 0471749 | 204717495 | 密集书库/ [索取号:G30/123] | 在馆 |